[Event "TCh-CHN 2016"]
[Site "China CHN"]
[Date "2016.06.24"]
[Round "6.6"]
[Board "2"]
[White "Zhao, Chenxi"]
[Black "Wang, Chen"]
[Result "1/2-1/2"]
[BlackTitle "IM"]
[WhiteElo "2035"]
[BlackElo "2514"]
[WhiteTeam "Shenzhen"]
[BlackTeam "Chongqing"]
[WhiteFideId "8611513"]
[BlackFideId "8601020"]
[EventDate "2016.04.12"]

1. e4 c5 2. Nf3 e6 3. d4 cxd4 4. Nxd4 a6 5. Bd3 g6 6. O-O Bg7 7. Be3 Ne7 8. c4
O-O 9. Nc3 d6 10. Be2 Qc7 11. Rc1 Nd7 12. Qd2 Rd8 13. Rfd1 b6 14. b4 Bb7 15. Nb3
Nf6 16. f3 Rab8 17. a4 Ba8 18. Kh1 Ne8 19. Bf4 Qc8 20. Qa2 Nc6 21. Qa3 Ne5 22.
a5 bxa5 23. Nxa5 Qc7 24. Be3 Bf8 25. Na2 Nc6 26. Nxc6 Qxc6 27. b5 axb5 28. cxb5
Qd7 29. b6 d5 30. Qb3 Bc6 31. Nc3 Bg7 32. Nb5 Nd6 33. Nc3 Qe8 34. Qb4 Nc8 35.
Ba6 d4 36. Bxc8 dxe3 37. b7 Bxc3 38. Qxc3 Bxb7 1/2-1/2

[Event "TCh-CHN 2016"]
[Site "China CHN"]
[Date "2016.06.24"]
[Round "6.6"]
[Board "3"]
[White "Lin, Yi"]
[Black "Zhou, Weiqi"]
[Result "1/2-1/2"]
[BlackTitle "GM"]
[WhiteElo "2276"]
[BlackElo "2635"]
[WhiteTeam "Shenzhen"]
[BlackTeam "Chongqing"]
[WhiteFideId "8602735"]
[BlackFideId "8601674"]
[EventDate "2016.04.12"]

1. d4 d5 2. c4 e6 3. Nf3 c6 4. e3 f5 5. b3 Nf6 6. Be2 Bd6 7. O-O Qe7 8. Bb2 O-O
9. Nbd2 b6 10. Ne5 Bb7 11. Rc1 c5 12. Ndf3 Nbd7 13. dxc5 bxc5 14. cxd5 exd5 15.
Nxd7 Nxd7 16. Ba6 Nb6 17. Bxb7 Qxb7 18. Be5 Qe7 19. Bxd6 Qxd6 20. Qc2 Rac8 21.
g3 c4 22. bxc4 dxc4 23. Rfd1 Qa3 24. Nd4 g6 25. Nb5 Qc5 26. Nc3 Rfd8 27. Rxd8+
Rxd8 28. Rd1 Rxd1+ 29. Qxd1 Qe5 30. Qd2 Kf7 31. h4 Ke7 32. Kf1 Qd6 33. Ke2 a6
34. Qxd6+ Kxd6 35. Kd2 Kc5 36. a3 Nc8 37. Na4+ Kc6 38. f3 Nd6 39. Kc3 a5 40. Kd4
Nb5+ 41. Kxc4 Nxa3+ 42. Kb3 Nb5 43. Nb2 Nd6 44. Ka4 Kd5 45. Kb3 Nf7 46. Nc4 Ne5
47. Nd2 Kc5 48. Kc3 a4 49. e4 Nf7 50. h5 Nd6 51. hxg6 hxg6 52. exf5 gxf5 53. Nf1
Nb5+ 54. Kb2 Kd4 55. f4 Ke4 56. Nh2 Ke3 57. g4 Kxf4 58. gxf5 Kxf5 59. Nf3 Ke4
60. Nd2+ Kd3 61. Nb1 Kd4 62. Na3 Nc3 63. Nb1 Nb5 64. Na3 Kc5 65. Nxb5 1/2-1/2

[Event "TCh-CHN 2016"]
[Site "China CHN"]
[Date "2016.06.24"]
[Round "6.6"]
[Board "4"]
[White "Tan, Zhongyi"]
[Black "Du, Yuxin"]
[Result "1/2-1/2"]
[WhiteTitle "WGM"]
[WhiteElo "2518"]
[BlackElo "2074"]
[WhiteTeam "Chongqing"]
[BlackTeam "Shenzhen"]
[WhiteFideId "8603642"]
[BlackFideId "8610282"]
[EventDate "2016.04.12"]

1. d4 Nf6 2. c4 e6 3. Nc3 Bb4 4. g3 c5 5. Nf3 O-O 6. Bg2 Nc6 7. O-O Bxc3 8. bxc3
d6 9. dxc5 dxc5 10. Qxd8 Rxd8 11. Be3 Ne4 12. Rfc1 Bd7 13. a4 b6 14. a5 Be8 15.
axb6 axb6 16. Rab1 Ra6 17. Bf4 Nd6 18. Nd2 f6 19. Bxd6 Rxd6 20. Ne4 Rd8 21. Rd1
Kf8 22. Rxd8 Nxd8 23. Nd6 Bd7 24. Nb5 Ke7 25. Be4 h6 26. f4 Bxb5 27. cxb5 Ra3
28. Rd1 Nf7 29. Bc6 Nd6 30. Rd3 f5 31. h3 g6 32. g4 Ra4 33. gxf5 gxf5 34. Rf3
Kf7 35. Kg2 Ra2 36. Kf2 Ra5 37. Rd3 Ke7 38. h4 Ra4 39. Kf3 Ra3 40. h5 c4 41. Re3
Kf7 42. Kg2 Rb3 43. Re5 Ne4 44. Bxe4 fxe4 45. Rxe4 Rxc3 46. Rd4 Ke7 47. Kf2 Rb3
48. Rxc4 Rxb5 49. Rc7+ Kd6 50. Rb7 Kc6 51. Re7 Kd6 52. Rh7 Rxh5 53. e4 b5 54.
Kf3 Rh3+ 55. Kg4 Rh1 56. Rb7 Kc5 57. e5 b4 58. Rc7+ Kd5 59. Rb7 Kc5 60. Rc7+ Kd5
61. Rb7 Kc5 62. Rc7+ Kd5 63. Rb7 1/2-1/2

[Event "TCh-CHN 2016"]
[Site "China CHN"]
[Date "2016.06.24"]
[Round "6.6"]
[Board "5"]
[White "Lei, Tingjie"]
[Black "Xu, Yuze"]
[Result "1-0"]
[WhiteTitle "WGM"]
[WhiteElo "2504"]
[BlackElo "1812"]
[WhiteTeam "Chongqing"]
[BlackTeam "Shenzhen"]
[WhiteFideId "8605114"]
[BlackFideId "8614466"]
[EventDate "2016.04.12"]

1. d4 Nf6 2. c4 e6 3. g3 Bb4+ 4. Bd2 Qe7 5. Bg2 Nc6 6. e3 O-O 7. Ne2 Bxd2+ 8.
Nxd2 d6 9. O-O e5 10. d5 Nb8 11. Qc2 a5 12. a3 Na6 13. Nc3 b6 14. Rab1 Bb7 15.
b4 axb4 16. axb4 Nb8 17. Ra1 Nbd7 18. Nb5 Rfc8 19. Rxa8 Rxa8 20. Nxc7 Rc8 21.
Nb5 Bxd5 22. e4 Bc6 23. Na7 Rc7 24. Ra1 Nf8 25. Nxc6 Rxc6 26. Qa4 Qb7 27. Qa8
Rc7 28. Bf1 g6 29. Qd8 Nd7 30. Ra8 Kg7 31. Bh3 Qc6 32. Bxd7 Nxd7 33. Qh8+ Kh6
34. Rg8 Qa4 35. Qg7+ Kg5 36. h4+ Kg4 37. Kg2 1-0

[Event "TCh-CHN 2016"]
[Site "China CHN"]
[Date "2016.06.25"]
[Round "7.1"]
[Board "1"]
[White "Liu, Yan"]
[Black "Liu, Chang"]
[Result "1/2-1/2"]
[WhiteTitle "FM"]
[WhiteElo "2413"]
[BlackElo "2376"]
[WhiteTeam "Chongqing"]
[BlackTeam "Guangdong"]
[WhiteFideId "8608962"]
[BlackFideId "8606340"]
[EventDate "2016.04.12"]

1. Nf3 Nf6 2. g3 g6 3. Bg2 Bg7 4. O-O O-O 5. c4 c6 6. d4 d5 7. cxd5 cxd5 8. Nc3
Ne4 9. e3 Nxc3 10. bxc3 Nc6 11. Nd2 Na5 12. Ba3 b6 13. c4 Bb7 14. cxd5 Re8 15.
d6 Bxg2 16. Kxg2 exd6 17. Qa4 d5 18. Rac1 Bf8 19. Bxf8 Rxf8 20. Rc3 Rc8 21. Rfc1
Rxc3 22. Rxc3 Qe7 23. Qc2 Rd8 24. Rc7 Rd7 25. Rc8+ Kg7 26. h4 h5 27. Kg1 Qd6 28.
Qc3 Qe7 29. Nf3 Nc4 30. Ne5 Rc7 31. Rxc7 Qxc7 32. e4 f6 33. exd5 fxe5 34. dxe5
Kf7 1/2-1/2

[Event "TCh-CHN 2016"]
[Site "China CHN"]
[Date "2016.06.25"]
[Round "7.1"]
[Board "2"]
[White "Zhou, Weiqi"]
[Black "Zeng, Chongsheng"]
[Result "1-0"]
[WhiteTitle "GM"]
[BlackTitle "GM"]
[WhiteElo "2635"]
[BlackElo "2549"]
[WhiteTeam "Chongqing"]
[BlackTeam "Guangdong"]
[WhiteFideId "8601674"]
[BlackFideId "8603847"]
[EventDate "2016.04.12"]

1. c4 c6 2. Nf3 d5 3. e3 Nf6 4. Nc3 e6 5. d4 Nbd7 6. Be2 b6 7. O-O Bb7 8. a4 a5
9. Qc2 Bb4 10. cxd5 cxd5 11. Bd2 Rc8 12. Rfc1 Ne4 13. Be1 O-O 14. Qb3 Bxc3 15.
bxc3 Nd6 16. Nd2 Qg5 17. Qa3 Nc4 18. Nxc4 dxc4 19. Bf1 Bd5 20. Rcb1 f5 21. Qd6
Rf7 22. Qg3 Qh6 23. Bd2 e5 24. Rb5 Qe6 25. dxe5 Nc5 26. e4 Nxe4 27. Qe3 Rc6 28.
Rd1 Rd7 29. Bc1 Nc5 30. f3 Nxa4 31. Ba3 Rcc7 32. Qd4 Nc5 33. Bxc5 bxc5 34. Rb8+
Kf7 35. Qh4 Qh6 36. Qxh6 gxh6 37. Rxd5 Rxd5 38. Bxc4 Rd7 39. f4 Kg7 40. Bxd5
Rxd5 41. Rb5 a4 42. Ra5 Rd1+ 43. Kf2 Rc1 44. Rxa4 Rxc3 45. Ra7+ Kg6 46. h3 Rc2+
47. Kg3 Rc3+ 48. Kh4 Rc4 49. g3 Rd4 50. Ra6+ Kg7 51. Rc6 c4 52. Kh5 Rd3 53. Rxc4
Rxg3 54. Rc7+ Kh8 55. Kxh6 Rg6+ 56. Kh5 Kg8 57. Kh4 Rg1 58. Rc3 Kf7 59. Rc6 Rg6
60. Rxg6 Kxg6 61. Kg3 Kf7 62. Kf2 Ke6 63. Kf3 Ke7 64. Ke3 Kd7 65. Kd4 Kc6 66.
Kc4 1-0

[Event "TCh-CHN 2016"]
[Site "China CHN"]
[Date "2016.06.25"]
[Round "7.1"]
[Board "3"]
[White "Wang, Chen"]
[Black "Xu, Yinglun"]
[Result "1/2-1/2"]
[WhiteTitle "IM"]
[WhiteElo "2514"]
[BlackElo "2523"]
[WhiteTeam "Chongqing"]
[BlackTeam "Guangdong"]
[WhiteFideId "8601020"]
[BlackFideId "8604940"]
[EventDate "2016.04.12"]

1. d4 d5 2. Nf3 Nf6 3. Bf4 c6 4. c3 Bf5 5. e3 e6 6. Bd3 Bxd3 7. Qxd3 Bd6 8. Bxd6
Qxd6 9. O-O O-O 10. Nbd2 Nbd7 11. c4 Rfd8 12. cxd5 cxd5 13. Rfc1 Rac8 14. Rc2
Rc7 15. Rac1 Rdc8 16. h3 h6 17. Ne1 Ne8 18. Rxc7 Rxc7 19. Rxc7 Qxc7 20. Qc2 Qxc2
21. Nxc2 h5 22. h4 Nd6 23. Kf1 Kf8 24. Ke2 Ke7 25. Ne1 Nf5 26. g3 Nb8 27. Nd3
Nc6 28. Nb1 g6 29. Nf4 Nd6 30. Nc3 Nf5 31. Nd3 Nd6 32. Nf4 Nf5 33. Nd3 Nd6 34.
Nf4 1/2-1/2

[Event "TCh-CHN 2016"]
[Site "China CHN"]
[Date "2016.06.25"]
[Round "7.1"]
[Board "4"]
[White "Liu, Manli"]
[Black "Tan, Zhongyi"]
[Result "1-0"]
[BlackTitle "WGM"]
[WhiteElo "2015"]
[BlackElo "2518"]
[WhiteTeam "Guangdong"]
[BlackTeam "Chongqing"]
[WhiteFideId "8608121"]
[BlackFideId "8603642"]
[EventDate "2016.04.12"]

1. e4 c5 2. Nf3 Nc6 3. d4 cxd4 4. Nxd4 Qb6 5. Nb3 Nf6 6. Nc3 e6 7. Qe2 Bb4 8.
Bd2 O-O 9. a3 Bxc3 10. Bxc3 e5 11. O-O-O Rd8 12. Rd6 Nd4 13. Rxd4 exd4 14. Ba5
d3 15. Qxd3 Qe6 16. Bxd8 Ng4 17. Qd2 d5 18. exd5 Qe8 19. Bh4 Bf5 20. Bd3 1-0

[Event "TCh-CHN 2016"]
[Site "China CHN"]
[Date "2016.06.25"]
[Round "7.1"]
[Board "5"]
[White "Li, Xueyi"]
[Black "Lei, Tingjie"]
[Result "1/2-1/2"]
[BlackTitle "WGM"]
[WhiteElo "2112"]
[BlackElo "2504"]
[WhiteTeam "Guangdong"]
[BlackTeam "Chongqing"]
[WhiteFideId "8605912"]
[BlackFideId "8605114"]
[EventDate "2016.04.12"]

1. d4 Nf6 2. c4 g6 3. g3 c6 4. Bg2 d5 5. e3 Bg7 6. Ne2 O-O 7. O-O a5 8. Nd2 b5
9. b3 Nbd7 10. cxb5 cxb5 11. Nc3 e6 12. Nxb5 Ba6 13. a4 Qb6 14. Ba3 Rfb8 15. Qe2
Bxb5 16. Qxb5 Qxb5 17. axb5 Rxb5 18. Rfc1 Bf8 19. Bf1 Rb7 20. Bxf8 Kxf8 21. f3
Ne8 22. Kf2 Ke7 23. g4 Nd6 24. Rc2 Rba7 25. Rca2 Nb6 26. Bd3 Nd7 27. e4 dxe4 28.
Bxe4 Nxe4+ 29. fxe4 Nb6 30. Nc4 Nxc4 31. bxc4 Rc7 32. c5 Rd8 33. Ke3 e5 34. Rxa5
Rxd4 35. Ra7 Rxa7 36. Rxa7+ Ke6 37. Ra6+ Ke7 38. Ra7+ Ke6 39. Ra6+ 1/2-1/2

[Event "TCh-CHN 2016"]
[Site "China CHN"]
[Date "2016.06.25"]
[Round "7.2"]
[Board "1"]
[White "Ni, Hua"]
[Black "Yu, Kaifeng"]
[Result "1-0"]
[WhiteTitle "GM"]
[BlackTitle "FM"]
[WhiteElo "2681"]
[BlackElo "2220"]
[WhiteTeam "Shanghai"]
[BlackTeam "Shenzhen"]
[WhiteFideId "8601160"]
[BlackFideId "8609667"]
[EventDate "2016.04.12"]

1. e4 c5 2. Nf3 d6 3. Bb5+ Bd7 4. Bxd7+ Qxd7 5. c4 Nc6 6. d4 cxd4 7. Nxd4 Nf6 8.
Nc3 g6 9. f3 Bg7 10. Be3 O-O 11. Rc1 Rfc8 12. b3 a6 13. Nxc6 Rxc6 14. a4 Qd8 15.
O-O Rac8 16. Nd5 e6 17. Nb4 Rb6 18. Na2 Rbc6 19. Qd2 a5 20. Nc3 Nd7 21. Nb5 Nc5
22. Rb1 Ra6 23. Rfd1 Bf8 24. e5 Rcc6 25. exd6 Qd7 26. Qf2 b6 27. Qh4 Bg7 28. Qe7
Bf8 29. Bxc5 Bxe7 30. dxe7 Qe8 31. Rd8 Ra8 32. Rxe8+ Rxe8 33. Ba3 1-0

[Event "TCh-CHN 2016"]
[Site "China CHN"]
[Date "2016.06.25"]
[Round "7.2"]
[Board "2"]
[White "Zhou, Jianchao"]
[Black "Zhao, Chenxi"]
[Result "1-0"]
[WhiteTitle "GM"]
[WhiteElo "2612"]
[BlackElo "2035"]
[WhiteTeam "Shanghai"]
[BlackTeam "Shenzhen"]
[WhiteFideId "8603537"]
[BlackFideId "8611513"]
[EventDate "2016.04.12"]

1. Nf3 Nf6 2. c4 g6 3. Nc3 Bg7 4. d4 O-O 5. e4 d6 6. Be2 e5 7. O-O exd4 8. Nxd4
a6 9. Bg5 h6 10. Be3 Re8 11. f3 Nc6 12. Qd2 Nxd4 13. Bxd4 Be6 14. Rfd1 Qe7 15.
Nd5 Bxd5 16. cxd5 Nd7 17. Bxg7 Kxg7 18. Rac1 Rec8 19. b4 a5 20. bxa5 Nc5 21. Rb1
Ra7 22. Rb5 Rca8 23. Qc3+ Kh7 24. Bf1 Re8 25. Rc1 Kg8 26. Qe3 Qg5 27. Qc3 Rea8
28. Re1 f6 29. g3 Qe5 30. Qd2 Kh7 31. f4 Qe7 32. e5 f5 33. Qb4 Qg7 34. Rc1 Qf7
35. Rcxc5 dxc5 36. Rxc5 b6 37. axb6 cxb6 38. Qxb6 Rb7 39. Qd6 Rxa2 40. e6 Qg7
41. Qe5 Ra1 42. d6 1-0

[Event "TCh-CHN 2016"]
[Site "China CHN"]
[Date "2016.06.25"]
[Round "7.2"]
[Board "3"]
[White "Lou, Yiping"]
[Black "Lin, Yi"]
[Result "1-0"]
[WhiteTitle "IM"]
[WhiteElo "2450"]
[BlackElo "2276"]
[WhiteTeam "Shanghai"]
[BlackTeam "Shenzhen"]
[WhiteFideId "8603928"]
[BlackFideId "8602735"]
[EventDate "2016.04.12"]

1. d4 Nf6 2. Nf3 g6 3. Bg5 d5 4. Nbd2 Bg7 5. e3 c5 6. c3 O-O 7. dxc5 Qc7 8. Nb3
Nbd7 9. Bb5 e5 10. Bxd7 Bxd7 11. Bxf6 Bxf6 12. Qxd5 Be6 13. Qd6 Qc8 14. c6 Rd8
15. Qb4 Qxc6 16. O-O b6 17. Nbd2 a5 18. Qe4 Bd5 19. Qc2 b5 20. Rfc1 Rac8 21. e4
Be6 22. Nf1 Rd6 23. Ne3 Rcd8 24. a4 b4 25. cxb4 Qxc2 26. Nxc2 Bb3 27. g4 Rc8 28.
Ne3 Rxc1+ 29. Rxc1 axb4 30. a5 Kg7 31. Rc5 Ra6 32. Nxe5 Re6 33. Nc6 Ba4 34. Nxb4
Be7 35. Nd3 Rxe4 36. Re5 Rxe5 37. Nxe5 Bb5 38. Kg2 Kf6 39. Nd5+ Kxe5 40. Nxe7
Kd6 41. Ng8 Kc5 42. g5 1-0

[Event "TCh-CHN 2016"]
[Site "China CHN"]
[Date "2016.06.25"]
[Round "7.2"]
[Board "4"]
[White "Du, Yuxin"]
[Black "Ju, Wenjun"]
[Result "0-1"]
[BlackTitle "GM"]
[WhiteElo "2074"]
[BlackElo "2568"]
[WhiteTeam "Shenzhen"]
[BlackTeam "Shanghai"]
[WhiteFideId "8610282"]
[BlackFideId "8603006"]
[EventDate "2016.04.12"]

1. e4 c5 2. Nf3 d6 3. d4 cxd4 4. Qxd4 Nc6 5. Bb5 Bd7 6. Bxc6 Bxc6 7. Nc3 Nf6 8.
Bg5 e6 9. O-O-O Be7 10. Qd3 Qa5 11. h4 h6 12. Bd2 Ng4 13. Rhf1 Qc5 14. Qe2 Bf6
15. Ne1 Ne5 16. Nd3 Nxd3+ 17. Qxd3 Bxc3 18. Qxc3 Bxe4 19. f3 Bh7 20. Qxc5 dxc5
21. Bc3 Rg8 22. Rd6 Rd8 23. Be5 f6 24. Rxd8+ Kxd8 25. Rd1+ Kc8 26. Bf4 b6 27. b3
e5 28. Be3 Kc7 29. Kb2 Re8 30. g3 Kc6 31. c4 Bg6 32. Rd2 Bh5 33. g4 Bf7 34. h5
Be6 35. Kc3 e4 36. fxe4 Bxg4 37. Bf4 Rxe4 38. Rd6+ Kb7 39. Bd2 Kc7 40. Rd5 Kc6
41. a4 a5 42. Kd3 Re7 43. Kc3 Rd7 0-1

[Event "TCh-CHN 2016"]
[Site "China CHN"]
[Date "2016.06.25"]
[Round "7.2"]
[Board "5"]
[White "Xu, Yuze"]
[Black "Zhang, Xiaowen"]
[Result "1/2-1/2"]
[BlackTitle "WGM"]
[WhiteElo "1812"]
[BlackElo "2374"]
[WhiteTeam "Shenzhen"]
[BlackTeam "Shanghai"]
[WhiteFideId "8614466"]
[BlackFideId "8603219"]
[EventDate "2016.04.12"]

1. e4 e6 2. d4 d5 3. Nd2 Nf6 4. e5 Nfd7 5. f4 c5 6. c3 Nc6 7. Ndf3 Qb6 8. Ne2 f6
9. g3 cxd4 10. cxd4 Bb4+ 11. Bd2 fxe5 12. fxe5 O-O 13. Bg2 Ndxe5 14. dxe5 Nxe5
15. Nf4 Qe3+ 16. Kf1 Bxd2 17. Nxe5 Qxe5 18. Qxd2 g5 19. Re1 Qd6 20. Ke2 gxf4 21.
Rhf1 Qa6+ 22. Kd1 Qxa2 23. Rxf4 Rxf4 24. gxf4 Bd7 25. Bf3 Rc8 26. Rg1+ Kf8 27.
Qb4+ Kf7 28. Rg7+ Kxg7 29. Qe7+ Kg8 30. Qg5+ Kf8 31. Qf6+ Kg8 1/2-1/2

[Event "TCh-CHN 2016"]
[Site "China CHN"]
[Date "2016.06.25"]
[Round "7.3"]
[Board "1"]
[White "Yu, Yangyi"]
[Black "Ma, Qun"]
[Result "1-0"]
[WhiteTitle "GM"]
[BlackTitle "GM"]
[WhiteElo "2738"]
[BlackElo "2613"]
[WhiteTeam "Beijing"]
[BlackTeam "Hangzhou"]
[WhiteFideId "8603820"]
[BlackFideId "8603154"]
[EventDate "2016.04.12"]

1. d4 d5 2. c4 c6 3. Nf3 Nf6 4. Nc3 dxc4 5. a4 Bf5 6. e3 e6 7. Bxc4 Bb4 8. O-O
Nbd7 9. Qe2 Bg6 10. e4 O-O 11. Bd3 Bh5 12. e5 Nd5 13. Nxd5 cxd5 14. Qe3 Be7 15.
Ng5 Bxg5 16. Qxg5 Bg6 17. Be2 Qxg5 18. Bxg5 Nb8 19. Rfc1 Nc6 20. Be3 Rfc8 21.
Rc3 Ne7 22. a5 Rxc3 23. bxc3 Rc8 24. Ra3 Nc6 25. g4 h6 26. h4 Kf8 27. h5 Bh7 28.
Kg2 Ke7 29. Kg3 Kd7 30. Kf4 Bc2 31. g5 hxg5+ 32. Kxg5 Ke7 33. Ra1 Kf8 34. Bd2
Kg8 35. h6 Rf8 36. a6 b6 37. Rc1 Bf5 38. Rg1 Ne7 39. Kh5 Bg6+ 40. Kg4 f6 41.
hxg7 Kxg7 42. exf6+ Kxf6 43. Bg5+ Kf7 44. Kf4 Kg7+ 45. Ke5 Rxf2 46. Bg4 Nf5 47.
Kxe6 Nh6 48. Bxh6+ Kxh6 49. Kxd5 Bd3 50. Ra1 Kg5 51. Bc8 Kf4 52. Kc6 Be4+ 53.
Kc7 Ke3 54. Bb7 1-0

[Event "TCh-CHN 2016"]
[Site "China CHN"]
[Date "2016.06.25"]
[Round "7.3"]
[Board "2"]
[White "Fang, Yan"]
[Black "Bai, Jinshi"]
[Result "1/2-1/2"]
[BlackTitle "GM"]
[WhiteElo "2364"]
[BlackElo "2564"]
[WhiteTeam "Beijing"]
[BlackTeam "Hangzhou"]
[WhiteFideId "8604746"]
[BlackFideId "8602280"]
[EventDate "2016.04.12"]

1. e4 c5 2. Nf3 e6 3. d4 cxd4 4. Nxd4 Nc6 5. Nc3 Qc7 6. g3 a6 7. Bg2 Nf6 8. O-O
Nxd4 9. Qxd4 Bc5 10. Bf4 d6 11. Qd2 h6 12. Rad1 e5 13. Be3 Be6 14. Bxc5 dxc5 15.
Qd6 Qxd6 16. Rxd6 Rd8 17. Rb6 Kd7 18. b4 Kc7 19. bxc5 Nd7 20. Rb4 Nxc5 21. f4 f6
22. fxe5 fxe5 23. Nd5+ Bxd5 24. exd5 Rhf8 25. h4 Rxf1+ 26. Kxf1 Rd6 27. Ke2 Rg6
28. Kf2 b5 29. h5 Rg5 30. Bf3 Kd6 31. a3 e4 32. Be2 Kxd5 33. g4 Nd7 34. c4+ bxc4
35. Bxc4+ Ke5 36. Bxa6 Rxg4 37. Be2 Rh4 38. Rb7 Rh2+ 39. Kf1 Nf6 40. Rxg7 Nd5
41. a4 Nf4 42. Bb5 e3 43. Kg1 Rxh5 44. Re7+ Kd4 45. Rf7 Nd5 46. Be2 Rg5+ 47. Kf1
Nc3 48. Rd7+ Ke4 49. Re7+ Kf4 50. Rf7+ Ke4 51. Re7+ Kd4 52. Rd7+ Kc5 53. Rd3
Rf5+ 54. Ke1 Nd5 55. a5 Rf4 56. Ra3 Rb4 57. Bf3 Rb1+ 58. Ke2 Rb2+ 59. Ke1 Rb1+
60. Ke2 Rb2+ 61. Ke1 Rb1+ 62. Ke2 Rb2+ 1/2-1/2

[Event "TCh-CHN 2016"]
[Site "China CHN"]
[Date "2016.06.25"]
[Round "7.3"]
[Board "3"]
[White "Zhang, Zhong"]
[Black "Gao, Rui"]
[Result "1-0"]
[WhiteTitle "GM"]
[BlackTitle "GM"]
[WhiteElo "2634"]
[BlackElo "2552"]
[WhiteTeam "Beijing"]
[BlackTeam "Hangzhou"]
[WhiteFideId "8600694"]
[BlackFideId "8602387"]
[EventDate "2016.04.12"]

1. e4 c5 2. Nf3 d6 3. d4 cxd4 4. Nxd4 Nf6 5. Nc3 a6 6. g3 e5 7. Nde2 Be7 8. Bg2
b5 9. Nd5 Nbd7 10. Nec3 Nb6 11. Nxe7 Qxe7 12. Bg5 h6 13. Bxf6 Qxf6 14. a4 bxa4
15. Nxa4 Nxa4 16. Rxa4 Bd7 17. Ra5 Bb5 18. b3 Qd8 19. Qd2 Qb6 20. c4 Bd7 21. O-O
Be6 22. Qa2 O-O 23. Rd1 Rfc8 24. Rd3 Rc5 25. Ra3 a5 26. Qd2 Ra6 27. Ra1 Rc6 28.
Bf1 Qc5 29. Rd5 Qb4 30. Qxb4 axb4 31. Rda5 Rxa5 32. Rxa5 Kf8 33. f4 exf4 34.
gxf4 Rc5 35. Ra8+ Ke7 36. Ra7+ Kf6 37. Be2 Bc8 38. Kf2 Rc6 39. Ke3 Ra6 40. Rc7
Bh3 41. c5 Ra3 42. cxd6 Rxb3+ 43. Kd4 Rb2 44. e5+ Kf5 45. Bd3+ Kxf4 46. Rxf7+ 1-0

[Event "TCh-CHN 2016"]
[Site "China CHN"]
[Date "2016.06.25"]
[Round "7.3"]
[Board "4"]
[White "Dzagnidze, Nana"]
[Black "Zhao, Xue"]
[Result "0-1"]
[WhiteTitle "GM"]
[BlackTitle "GM"]
[WhiteElo "2535"]
[BlackElo "2504"]
[WhiteTeam "Hangzhou"]
[BlackTeam "Beijing"]
[WhiteFideId "13601903"]
[BlackFideId "8601283"]
[EventDate "2016.04.12"]

1. d4 Nf6 2. c4 e6 3. Nf3 b6 4. g3 Ba6 5. b3 d5 6. Bg2 Bb4+ 7. Bd2 Be7 8. Nc3
O-O 9. Ne5 Bb7 10. O-O Na6 11. Qb1 c5 12. dxc5 Nxc5 13. Rd1 Qb8 14. Bf4 Bd6 15.
Nd3 Bxf4 16. gxf4 d4 17. Nb5 Bxg2 18. Kxg2 Qb7+ 19. f3 Ng4 20. Rd2 Ne4 21. Rb2
Ne3+ 22. Kh1 Nc3 23. Nxc3 dxc3 24. Rc2 Nxc2 25. Qxc2 b5 26. Qxc3 bxc4 27. bxc4
Rac8 28. Rg1 f6 29. Rc1 Rc6 30. Kg2 Rb6 31. c5 Rc8 32. Qd4 Rbc6 33. Kf2 Kh8 34.
Rd1 Qf7 35. Rb1 h6 36. Rb4 R6c7 37. Qb2 Qh5 38. Kg3 Kh7 39. Re4 Rd8 40. Qb3 Qg6+
41. Kf2 Qh5 42. Kg3 Rc6 43. Qb7 Qg6+ 44. Kf2 Rxc5 45. Rxe6 Rh5 46. Qb1 Rxh2+ 47.
Ke3 Re8 48. f5 Qg5+ 49. Nf4 Rh4 50. Rxe8 Qxf4+ 51. Kd3 Qd4+ 52. Kc2 Qa4+ 0-1

[Event "TCh-CHN 2016"]
[Site "China CHN"]
[Date "2016.06.25"]
[Round "7.3"]
[Board "5"]
[White "Gu, Tianlu"]
[Black "Wang, Jue"]
[Result "0-1"]
[WhiteTitle "WIM"]
[BlackTitle "WGM"]
[WhiteElo "2255"]
[BlackElo "2380"]
[WhiteTeam "Hangzhou"]
[BlackTeam "Beijing"]
[WhiteFideId "8603995"]
[BlackFideId "8604070"]
[EventDate "2016.04.12"]

1. d4 Nf6 2. Nf3 g6 3. Bf4 Bg7 4. e3 O-O 5. c3 d6 6. h3 c5 7. dxc5 dxc5 8. Qxd8
Rxd8 9. Bc7 Re8 10. Bc4 Nc6 11. a4 b6 12. Nbd2 Bb7 13. Bh2 Na5 14. Be2 Ne4 15.
O-O Red8 16. Rad1 Nxd2 17. Nxd2 Bc6 18. Bb5 Bxb5 19. axb5 Rd7 20. Nf3 Rad8 21.
Rxd7 Rxd7 22. Bb8 Nb3 23. Re1 f6 24. g4 e5 25. g5 e4 26. gxf6 Bxf6 27. Nh2 h5
28. f3 Bh4 29. Re2 Rd1+ 30. Kg2 Nc1 31. Rc2 Nd3 32. Re2 Ne1+ 33. Rxe1 Rxe1 34.
fxe4 Re2+ 35. Kg1 Rxb2 36. c4 Ra2 37. Nf3 Bf2+ 38. Kf1 Bxe3 39. Bg3 Bd4 40. Bh4
Kf7 41. Ng5+ Kf6 42. Nh7+ Ke5 43. Nf8 g5 0-1

[Event "TCh-CHN 2016"]
[Site "China CHN"]
[Date "2016.06.25"]
[Round "7.4"]
[Board "1"]
[White "Lu, Shanglei"]
[Black "Wang, Yue"]
[Result "1/2-1/2"]
[WhiteTitle "GM"]
[BlackTitle "GM"]
[WhiteElo "2619"]
[BlackElo "2718"]
[WhiteTeam "Zhejiang"]
[BlackTeam "Tianjing"]
[WhiteFideId "8603332"]
[BlackFideId "8601429"]
[EventDate "2016.04.12"]

1. e4 e5 2. Nf3 Nf6 3. d4 Nxe4 4. Bd3 d5 5. Nxe5 Nd7 6. Nxd7 Bxd7 7. O-O Bd6 8.
Qh5 Qf6 9. Nc3 Qxd4 10. Be3 Qe5 11. Qxe5+ Bxe5 12. Nxd5 Nf6 13. Bf4 Bxf4 14.
Rfe1+ Kf8 15. Nxf4 g5 16. Ne2 Re8 17. Nc3 Kg7 18. f3 h6 19. Kf2 a6 20. Rad1 Rxe1
21. Rxe1 Rd8 22. a3 Be6 23. b4 Nd7 24. f4 gxf4 25. Re4 c5 26. Rxf4 cxb4 27. Rxb4
Nc5 28. Ke3 Bd7 29. Be2 Re8+ 30. Kd2 Bc6 31. Rg4+ Kf8 32. Bc4 b5 33. Bd5 Bxd5
34. Nxd5 Ne4+ 35. Kc1 Nd6 36. Nc7 Re3 37. Rg3 Rxg3 38. hxg3 a5 39. Kb2 Ke7 40.
Kc3 Kd7 41. Nd5 Kc6 42. Nf6 Nc4 43. a4 Ne3 44. Kb3 Nxg2 45. Ng4 h5 46. Ne5+ Kd5
47. Nxf7 b4 48. c3 bxc3 49. Kxc3 Ne3 50. Nh6 Ke4 51. Ng8 Kf5 52. Kd3 Nf1 53. g4+
hxg4 54. Nh6+ Kf4 55. Nxg4 Kxg4 56. Kc4 Nd2+ 57. Kb5 Ne4 58. Kxa5 Nc5 59. Kb5
Nxa4 1/2-1/2

[Event "TCh-CHN 2016"]
[Site "China CHN"]
[Date "2016.06.25"]
[Round "7.4"]
[Board "3"]
[White "Mamedyarov, Shakhriyar"]
[Black "Li, Yankai"]
[Result "1-0"]
[WhiteTitle "GM"]
[WhiteElo "2750"]
[BlackElo "2206"]
[WhiteTeam "Zhejiang"]
[BlackTeam "Tianjing"]
[WhiteFideId "13401319"]
[BlackFideId "8609357"]
[EventDate "2016.04.12"]

1. d4 Nf6 2. c4 e6 3. Nc3 Bb4 4. Nf3 b6 5. Qc2 Bb7 6. a3 Bxc3+ 7. Qxc3 O-O 8.
Bg5 d6 9. e3 Nbd7 10. Nd2 Qe7 11. Bd3 c5 12. dxc5 Nxc5 13. Bc2 e5 14. O-O Qe6
15. Bxf6 Qxf6 16. b4 Qg5 17. f3 Ne6 18. Be4 Qe7 19. Qd3 Bxe4 20. Nxe4 Rfd8 21.
Rad1 Rd7 22. f4 Nc7 23. f5 Ne8 24. f6 Nxf6 25. Rxf6 gxf6 26. Rf1 Kg7 27. Qd1 f5
28. Rxf5 Qh4 29. g4 Rg8 30. Rh5 Qe7 31. Qf3 Qe6 32. Ng5 Qxc4 33. Nxh7 f5 34.
gxf5 Kf7+ 35. Ng5+ Kf6 36. Rh6+ Ke7 37. h4 Qc1+ 38. Kh2 Kd8 39. Qa8+ Qc8 40.
Ne6+ Ke7 41. Qxc8 Rxc8 42. Rh7+ Kf6 43. Rxd7 Kxf5 44. Rc7 Rh8 45. Ng7+ Ke4 46.
Kg3 d5 47. Re7 a5 48. bxa5 bxa5 49. h5 Kxe3 50. Rxe5+ Kd4 51. Re8 Rh7 52. Nf5+ 1-0